[Event "Ricany op"]
[Site "Ricany"]
[Date "2023.08.27"]
[Round "3"]
[White "Skokan, Frantisek"]
[Black "Verner, Matej"]
[Result "1-0"]
[WhiteElo "1881"]
[BlackElo "1698"]
[PlyCount "73"]
[EventDate "2023.08.26"]
[EventType "swiss"]
[EventRounds "9"]
[EventCountry "CZE"]
[SourceTitle "CBM 216 Extra"]
[Source "ChessBase"]
[SourceDate "2023.11.30"]
[SourceVersion "1"]
[SourceVersionDate "2023.11.30"]
[SourceQuality "1"]

1. d4 d5 2. Nf3 c5 3. c3 Nc6 4. Bf4 cxd4 5. cxd4 Qb6 6. Qd2 Nf6 7. e3 Bf5 8. Nc3 e6 9. a3 Be7 10. Rc1 0-0 11. Be2 Rfc8 12. 0-0 Na5 13. Na4 Qd8 14. Bc7 Rxc7 15. Qxa5 b6 16. Qa6 Rac8 17. Rxc7 Rxc7 18. Ne5 Nd7 19. Nxd7 Qxd7 20. Nc3 Qc8 21. Rc1 Bf6 22. f4 g5 23. g3 Qf8 24. Kh1 Qg7 25. Rf1 Qg6 26. Qb5 Kg7 27. Rf2 h5 28. Bf3 g4 29. Bg2 h4 30. Kg1 Be7 31. e4 dxe4 32. Qe5+ Bf6 33. Qxc7 Bxd4 34. Qd8 e5 35. fxe5 Bxe5 36. Qd5 f6 37. Bxe4 1-0

[Event "Klatovy op-B 29th"]
[Site "Klatovy"]
[Date "2023.07.08"]
[Round "8"]
[White "Rezac, Jindrich"]
[Black "Skokan, Frantisek"]
[Result "1/2-1/2"]
[WhiteElo "1794"]
[BlackElo "1855"]
[PlyCount "46"]
[EventDate "2023.07.01"]
[EventType "swiss"]
[EventRounds "9"]
[EventCountry "CZE"]
[SourceTitle "CBM 215 Extra"]
[Source "ChessBase"]
[SourceDate "2023.09.30"]
[SourceVersion "1"]
[SourceVersionDate "2023.09.30"]
[SourceQuality "1"]

1. d4 Nf6 2. c4 g6 3. Nc3 d5 4. cxd5 Nxd5 5. e4 Nxc3 6. bxc3 Bg7 7. Bc4 c5 8. Ne2 0-0 9. 0-0 Nc6 10. Be3 Na5 11. Bd3 c4 12. Bc2 b6 13. f3 e6 14. Rc1 Qc7 15. Bf4 Qe7 16. Bb1 Bb7 17. Qd2 f5 18. Bg5 Qc7 19. Nf4 Rae8 20. Nh3 Nc6 21. Rce1 Nd8 22. exf5 exf5 23. Rxe8 Rxe8 1/2-1/2

[Event "Klatovy op-B 29th"]
[Site "Klatovy"]
[Date "2023.07.04"]
[Round "4"]
[White "Paldus, Jan"]
[Black "Skokan, Frantisek"]
[Result "0-1"]
[WhiteElo "1684"]
[BlackElo "1855"]
[PlyCount "65"]
[EventDate "2023.07.01"]
[EventType "swiss"]
[EventRounds "9"]
[EventCountry "CZE"]
[SourceTitle "CBM 215 Extra"]
[Source "ChessBase"]
[SourceDate "2023.09.30"]
[SourceVersion "1"]
[SourceVersionDate "2023.09.30"]
[SourceQuality "1"]

1. e4 c5 2. Nf3 Nc6 3. d4 cxd4 4. Nxd4 g6 5. Nc3 Bg7 6. Be3 Nf6 7. Be2 d6 8. 0-0 Bd7 9. Qd2 0-0 10. f4 Qa5 11. Bf3 Rac8 12. Nb3 Qc7 13. Nb5 Qb8 14. c3 Bg4 15. Qe2 Bxf3 16. Qxf3 Rfd8 17. Rfd1 a6 18. N5d4 e6 19. Ne2 b5 20. Rac1 Ne7 21. Ng3 Qa8 22. Nd2 h5 23. h3 Nd7 24. Nb3 Nf8 25. Bd4 f6 26. Bb6 Rd7 27. Rd3 d5 28. exd5 Nxd5 29. Bf2 Rdc7 30. Rcd1 Bh6 31. Ne2 b4 32. f5 bxc3 33. Nxc3 0-1

[Event "Klatovy op-B 29th"]
[Site "Klatovy"]
[Date "2023.07.02"]
[Round "2"]
[White "Bukvaj, Jan"]
[Black "Skokan, Frantisek"]
[Result "0-1"]
[WhiteElo "1469"]
[BlackElo "1855"]
[PlyCount "94"]
[EventDate "2023.07.01"]
[EventType "swiss"]
[EventRounds "9"]
[EventCountry "CZE"]
[SourceTitle "CBM 215 Extra"]
[Source "ChessBase"]
[SourceDate "2023.09.30"]
[SourceVersion "1"]
[SourceVersionDate "2023.09.30"]
[SourceQuality "1"]

1. c4 Nf6 2. Nc3 g6 3. d4 d5 4. Nf3 Bg7 5. Bf4 0-0 6. e3 c6 7. Rc1 Nh5 8. Be5 f6 9. Bg3 Nxg3 10. hxg3 e6 11. Be2 Nd7 12. Qb3 Re8 13. 0-0 Nb6 14. cxd5 exd5 15. Na4 Nxa4 16. Qxa4 Qe7 17. Ne1 Bh6 18. Bd3 Bxe3 19. Rc2 Bh6 20. Re2 Qd7 21. Qc2 Rxe2 22. Qxe2 Kf7 23. Nf3 Qd6 24. Qc2 Bd7 25. Nh4 f5 26. Nf3 Bg7 27. Ng5+ Kg8 28. Nf3 Re8 29. Qb3 Bc8 30. Rd1 f4 31. gxf4 Qxf4 32. Bf1 Bg4 33. Rd3 Bf5 34. Rd1 Be4 35. Be2 Re7 36. a3 Rf7 37. Qe3 h6 38. Qxf4 Rxf4 39. Kh2 Bxf3 40. Bxf3 Rxd4 41. Re1 Kf7 42. Re2 h5 43. Kh3 Bh6 44. b3 Rd3 45. Rb2 Bg7 46. Rb1 Be5 47. Re1 Kf6 0-1

[Event "Klatovy op-B 29th"]
[Site "Klatovy"]
[Date "2023.07.01"]
[Round "1"]
[White "Skokan, Frantisek"]
[Black "Gernert, Tomas"]
[Result "1-0"]
[WhiteElo "1855"]
[BlackElo "1301"]
[PlyCount "53"]
[EventDate "2023.07.01"]
[EventType "swiss"]
[EventRounds "9"]
[EventCountry "CZE"]
[SourceTitle "CBM 215 Extra"]
[Source "ChessBase"]
[SourceDate "2023.09.30"]
[SourceVersion "1"]
[SourceVersionDate "2023.09.30"]
[SourceQuality "1"]

1. d4 Nf6 2. Nf3 d5 3. Bf4 Bf5 4. e3 e6 5. Nbd2 Nbd7 6. Be2 c5 7. 0-0 Be7 8. h3 h6 9. Ne5 Rc8 10. c3 0-0 11. Rc1 Nxe5 12. Bxe5 Bd6 13. Nf3 c4 14. g4 Bh7 15. g5 hxg5 16. Nxg5 Bxe5 17. dxe5 Nd7 18. f4 Bf5 19. Bg4 Nxe5 20. Bxf5 exf5 21. Qh5 Re8 22. fxe5 Rc6 23. Qxf7+ Kh8 24. Qh5+ Kg8 25. Qh7+ Kf8 26. Qh8+ Ke7 27. Qxg7# 1-0

[Event "Ricany op-A"]
[Site "Ricany"]
[Date "2017.09.02"]
[Round "9"]
[White "Skokan, Frantisek"]
[Black "Horyna, Josef"]
[Result "1-0"]
[WhiteElo "1933"]
[BlackElo "1814"]
[PlyCount "93"]
[EventDate "2017.08.26"]
[EventType "swiss"]
[EventRounds "9"]
[EventCountry "CZE"]
[SourceTitle "CBM 180 Extra"]
[Source "ChessBase"]
[SourceDate "2017.10.06"]
[SourceVersion "1"]
[SourceVersionDate "2017.10.06"]
[SourceQuality "1"]

1. e4 c6 2. d4 d5 3. Nc3 dxe4 4. Nxe4 Bf5 5. Ng3 Bg6 6. f4 e6 7. Nf3 Be7 8. Bd3 Bxd3 9. Qxd3 Nh6 10. 0-0 0-0 11. Ng5 Nf5 12. Nxf5 exf5 13. Nf3 g6 14. c4 Nd7 15. Bd2 Nc5 16. Qc2 Ne4 17. Rad1 Nxd2 18. Qxd2 Bf6 19. Kh1 Re8 20. Qf2 Qc7 21. Ne5 c5 22. d5 Qd6 23. Rfe1 Bg7 24. Re2 Re7 25. b4 b6 26. bxc5 bxc5 27. Nc6 Re4 28. Rxe4 fxe4 29. f5 gxf5 30. Qxf5 Re8 31. Rf1 f6 32. Qh5 Qd7 33. Re1 f5 34. Nxa7 Ra8 35. Nc6 Rxa2 36. Qg5 Kh8 37. Rf1 h6 38. Qf4 Rc2 39. Ne5 Bxe5 40. Qxe5+ Kg8 41. h4 Rxc4 42. Rxf5 e3 43. Qb8+ Kg7 44. Qf8+ Kh7 45. Rf7+ Qxf7 46. Qxf7+ Kh8 47. d6 1-0

[Event "Ricany op-A"]
[Site "Ricany"]
[Date "2017.09.01"]
[Round "8"]
[White "Vilimova, Julie"]
[Black "Skokan, Frantisek"]
[Result "1/2-1/2"]
[WhiteElo "1741"]
[BlackElo "1933"]
[PlyCount "82"]
[EventDate "2017.08.26"]
[EventType "swiss"]
[EventRounds "9"]
[EventCountry "CZE"]
[SourceTitle "CBM 180 Extra"]
[Source "ChessBase"]
[SourceDate "2017.10.06"]
[SourceVersion "1"]
[SourceVersionDate "2017.10.06"]
[SourceQuality "1"]

1. d4 Nf6 2. c4 g6 3. Nc3 d5 4. cxd5 Nxd5 5. e4 Nxc3 6. bxc3 Bg7 7. Bb5+ Bd7 8. Bxd7+ Qxd7 9. Ne2 c5 10. Be3 cxd4 11. cxd4 0-0 12. 0-0 Nc6 13. Qd2 Rfd8 14. Rad1 b6 15. f4 Rac8 16. f5 Qb7 17. Qe1 Na5 18. Qh4 Rc2 19. Rf2 Nc4 20. Bc1 Bf6 21. Qf4 g5 22. Qf3 Ne5 23. Qg3 Qxe4 24. Nc3 Rxc3 25. Qxc3 Ng4 26. Rfd2 Qxf5 27. h3 Nh6 28. Qc7 Rd7 29. Qc4 Qd5 30. Qxd5 Rxd5 31. g4 Kg7 32. Bb2 Kg6 33. Rc1 e6 34. Rc7 Rb5 35. Kg2 a5 36. a4 Rb4 37. Rb7 Ng8 38. Bc3 Rb3 39. Bxa5 Ra3 40. Bxb6 Rxa4 41. Bc5 Bg7 1/2-1/2

[Event "Ricany op-A"]
[Site "Ricany"]
[Date "2017.08.31"]
[Round "7"]
[White "Skokan, Frantisek"]
[Black "Steiner, Juraj"]
[Result "1/2-1/2"]
[WhiteElo "1933"]
[BlackElo "2022"]
[PlyCount "75"]
[EventDate "2017.08.26"]
[EventType "swiss"]
[EventRounds "9"]
[EventCountry "CZE"]
[SourceTitle "CBM 180 Extra"]
[Source "ChessBase"]
[SourceDate "2017.10.06"]
[SourceVersion "1"]
[SourceVersionDate "2017.10.06"]
[SourceQuality "1"]

1. d4 Nf6 2. c4 e6 3. Nc3 Bb4 4. Qc2 c5 5. e3 0-0 6. a3 Bxc3+ 7. bxc3 d5 8. Nf3 cxd4 9. exd4 b6 10. cxd5 exd5 11. Bd3 Re8+ 12. Be3 Ba6 13. 0-0 Bxd3 14. Qxd3 Nc6 15. Bg5 Qd6 16. Bxf6 Qxf6 17. Rfe1 h6 18. Qb5 Qd6 19. c4 Re4 20. Qxd5 Qxd5 21. cxd5 Rxe1+ 22. Rxe1 Na5 23. Ne5 Rd8 24. Nc6 Rd7 25. Re8+ Kh7 26. Rd8 Rc7 27. Kf1 Nxc6 28. dxc6 Rxc6 29. Ke2 Kg6 30. Kd3 Kf6 31. Rd7 a5 32. d5 Rc1 33. f4 b5 34. Rb7 Rc5 35. Rd7 b4 36. axb4 axb4 37. Rb7 Rxd5+ 38. Ke3 1/2-1/2

[Event "Ricany op-A"]
[Site "Ricany"]
[Date "2017.08.30"]
[Round "6"]
[White "Cermak, Jan"]
[Black "Skokan, Frantisek"]
[Result "1/2-1/2"]
[WhiteElo "1904"]
[BlackElo "1933"]
[PlyCount "90"]
[EventDate "2017.08.26"]
[EventType "swiss"]
[EventRounds "9"]
[EventCountry "CZE"]
[SourceTitle "CBM 180 Extra"]
[Source "ChessBase"]
[SourceDate "2017.10.06"]
[SourceVersion "1"]
[SourceVersionDate "2017.10.06"]
[SourceQuality "1"]

1. e4 e5 2. Nc3 Nf6 3. g3 Bb4 4. Nge2 Nc6 5. Bg2 0-0 6. 0-0 d6 7. a3 Ba5 8. b4 Bb6 9. Na4 Be6 10. Nxb6 axb6 11. d3 Nxb4 12. f4 exf4 13. Bxf4 Nc6 14. Bg5 Ra5 15. Bxf6 gxf6 16. Nf4 Rg5 17. Bh3 Qd7 18. Nh5 Rg6 19. Bf5 Qe7 20. Bxg6 fxg6 21. Nf4 Ne5 22. Nxe6 Qxe6 23. d4 Nc4 24. Qd3 b5 25. Rab1 c6 26. d5 Qe5 27. a4 cxd5 28. Rxb5 Qxe4 29. Rxd5 Qe3+ 30. Kh1 Qxd3 31. Rxd3 Kf7 32. Rf4 Rc8 33. Kg2 Ke6 34. Kf2 d5 35. Rfd4 Rc5 36. Rb3 Nd6 37. Rb2 Ke5 38. Rdb4 Ne4+ 39. Ke2 Nd6 40. Kd3 Ra5 41. c3 Ra7 42. Re2+ Ne4 43. c4 f5 44. cxd5 Kxd5 45. Rexe4 fxe4+ 1/2-1/2

[Event "Ricany op-A"]
[Site "Ricany"]
[Date "2017.08.27"]
[Round "2"]
[White "Hrdina, Robin"]
[Black "Skokan, Frantisek"]
[Result "1/2-1/2"]
[WhiteElo "2151"]
[BlackElo "1933"]
[PlyCount "58"]
[EventDate "2017.08.26"]
[EventType "swiss"]
[EventRounds "9"]
[EventCountry "CZE"]
[SourceTitle "CBM 180 Extra"]
[Source "ChessBase"]
[SourceDate "2017.10.06"]
[SourceVersion "1"]
[SourceVersionDate "2017.10.06"]
[SourceQuality "1"]

1. e4 e5 2. Nc3 Nf6 3. Bc4 Be7 4. d3 d6 5. Nge2 Be6 6. Bb3 Bxb3 7. axb3 d5 8. exd5 Nxd5 9. 0-0 0-0 10. Nxd5 Qxd5 11. Nc3 Qd7 12. f4 Nc6 13. f5 Nd4 14. Kh1 Nxf5 15. Qg4 g6 16. Ne4 a5 17. Bh6 Rfd8 18. Bg5 h5 19. Qf3 Bxg5 20. Nxg5 Qd5 21. Ne4 Ra6 22. Qh3 Kg7 23. Rae1 Rc6 24. Rf2 Nh6 25. Rfe2 Ng4 26. Qg3 f5 27. Nc3 f4 28. Qh4 Qd7 29. Ne4 Ne3 1/2-1/2

[Event "Ricany op"]
[Site "Ricany"]
[Date "2016.08.31"]
[Round "6"]
[White "Skokan, Frantisek"]
[Black "Benes, Karel"]
[Result "1-0"]
[WhiteElo "1930"]
[BlackElo "1713"]
[PlyCount "57"]
[EventDate "2016.08.27"]
[EventType "swiss"]
[EventRounds "9"]
[EventCountry "CZE"]
[SourceTitle "CBM 174 Extra"]
[Source "ChessBase"]
[SourceDate "2016.10.10"]
[SourceVersion "1"]
[SourceVersionDate "2016.10.10"]
[SourceQuality "1"]

1. d4 d5 2. Nf3 e6 3. a3 Nf6 4. c4 c6 5. Nc3 Nbd7 6. h3 Be7 7. e3 b6 8. Bd3 0-0 9. 0-0 Bb7 10. Bd2 Rc8 11. b4 Qc7 12. Rc1 Qb8 13. c5 Bd8 14. Ne1 e5 15. Bf5 g6 16. Bd3 Bc7 17. Be2 Rfe8 18. f4 exd4 19. exd4 Ne4 20. Bd3 Ndf6 21. Ne2 Nxd2 22. Qxd2 Ne4 23. Bxe4 Rxe4 24. f5 Kg7 25. f6+ Kh8 26. Qh6 Rg8 27. Nf3 Bf4 28. Nxf4 Qxf4 29. Ng5 1-0

[Event "Rakovnik Regional-chT 1415"]
[Site "Rakovnik"]
[Date "2015.03.22"]
[Round "10.7"]
[White "Valtr, Tomas"]
[Black "Skokan, Frantisek"]
[Result "0-1"]
[WhiteElo "1980"]
[BlackElo "1932"]
[PlyCount "72"]
[EventDate "2014.10.19"]
[EventType "team-tourn"]
[EventRounds "11"]
[EventCountry "CZE"]
[SourceTitle "EXT 2016"]
[Source "ChessBase"]
[SourceDate "2015.10.08"]
[SourceVersion "1"]
[SourceVersionDate "2015.10.08"]
[SourceQuality "1"]
[WhiteTeam "Lysa nad Labem IV"]
[BlackTeam "Dobrovice"]
[WhiteTeamCountry "CZE"]
[BlackTeamCountry "CZE"]

1. d4 Nf6 2. Nf3 e6 3. e3 Be7 4. Bd3 d5 5. Nbd2 b6 6. e4 dxe4 7. Nxe4 Bb7 8. Nxf6+ Bxf6 9. c3 Nd7 10. 0-0 0-0 11. Bf4 c5 12. Be2 cxd4 13. cxd4 Qe7 14. Ne5 Rfd8 15. Qa4 Qd6 16. Rfd1 Be7 17. Ng6 Qb4 18. Nxe7+ Qxe7 19. Rac1 e5 20. dxe5 Nxe5 21. Rxd8+ Rxd8 22. Qxa7 Nc6 23. Qxb6 Qxe2 24. h3 Qe7 25. Rxc6 Bxc6 26. Qxc6 g5 27. Bg3 Kg7 28. Qc3+ f6 29. a3 h5 30. f4 h4 31. Bf2 Rd1+ 32. Kh2 Qd6 33. Qb4 Qd7 34. fxg5 Qc7+ 35. g3 hxg3+ 36. Bxg3 Qc2+ 0-1

[Event "Rakovnik Regional-chT 1415"]
[Site "Rakovnik"]
[Date "2015.02.01"]
[Round "7.7"]
[White "Skokan, Frantisek"]
[Black "Zeman, Martin"]
[Result "0-1"]
[WhiteElo "1932"]
[BlackElo "1930"]
[PlyCount "52"]
[EventDate "2014.10.19"]
[EventType "team-tourn"]
[EventRounds "11"]
[EventCountry "CZE"]
[SourceTitle "EXT 2016"]
[Source "ChessBase"]
[SourceDate "2015.10.08"]
[SourceVersion "1"]
[SourceVersionDate "2015.10.08"]
[SourceQuality "1"]
[WhiteTeam "Dobrovice"]
[BlackTeam "Pribram Pyrit"]
[WhiteTeamCountry "CZE"]
[BlackTeamCountry "CZE"]

1. e4 c5 2. Nf3 d6 3. d4 cxd4 4. Nxd4 Nf6 5. Nc3 a6 6. Be3 Ng4 7. Bg5 h6 8. Bh4 g5 9. Bg3 Bg7 10. Be2 h5 11. h3 h4 12. hxg4 hxg3 13. Rxh8+ Bxh8 14. fxg3 Be5 15. Qd3 Nc6 16. Nxc6 bxc6 17. 0-0-0 Rb8 18. Rf1 Qb6 19. b3 Qb4 20. Nb1 Be6 21. Qe3 f6 22. Bxa6 Qa5 23. Qd3 Qxa2 24. Nc3 Bxc3 25. Qxc3 Qxa6 26. Rh1 Ra8 0-1

[Event "Rakovnik Regional-chT 1415"]
[Site "Rakovnik"]
[Date "2014.11.23"]
[Round "3.7"]
[White "Skokan, Frantisek"]
[Black "Macek, Kamil"]
[Result "0-1"]
[WhiteElo "1932"]
[BlackElo "1905"]
[PlyCount "86"]
[EventDate "2014.10.19"]
[EventType "team-tourn"]
[EventRounds "11"]
[EventCountry "CZE"]
[SourceTitle "EXT 2016"]
[Source "ChessBase"]
[SourceDate "2015.10.08"]
[SourceVersion "1"]
[SourceVersionDate "2015.10.08"]
[SourceQuality "1"]
[WhiteTeam "Dobrovice"]
[BlackTeam "Nymburk Sokol"]
[WhiteTeamCountry "CZE"]
[BlackTeamCountry "CZE"]

1. e4 c5 2. Nf3 Nc6 3. c3 g6 4. d4 cxd4 5. cxd4 Nf6 6. Nc3 d5 7. e5 Ne4 8. Bd3 Bg4 9. Be3 Nxc3 10. bxc3 Bg7 11. 0-0 0-0 12. h3 Bxf3 13. Qxf3 Rc8 14. Rab1 Na5 15. Rfc1 a6 16. Qg3 f5 17. Qh4 Qd7 18. Bg5 e6 19. Qf4 Rc6 20. g4 fxg4 21. Qxg4 Qf7 22. Rb2 Nc4 23. Bxc4 Rxc4 24. Be3 b5 25. f4 Qf5 26. Qxf5 gxf5 27. Bd2 Rfc8 28. Rcb1 Bf8 29. Rb3 b4 30. cxb4 Rxd4 31. Be3 Re4 32. a3 Bh6 33. Rf1 Rc2 34. a4 d4 35. Bc1 Ree2 36. Rg3+ Kf7 37. b5 axb5 38. axb5 Rc5 39. Rb3 Rcc2 40. Rg3 Bf8 41. Rd1 d3 42. Kf1 Bc5 43. Rdxd3 Rf2+ 0-1

[Event "Teplice op 6th"]
[Site "Teplice"]
[Date "2011.06.19"]
[Round "9"]
[White "Blazek, Jaroslav"]
[Black "Skokan, Frantisek"]
[Result "0-1"]
[WhiteElo "1755"]
[BlackElo "1974"]
[PlyCount "50"]
[EventDate "2011.06.11"]
[EventType "swiss"]
[EventRounds "9"]
[EventCountry "CZE"]
[SourceTitle "CBM 142 Extra"]
[Source "ChessBase"]
[SourceDate "2011.06.27"]
[SourceVersion "1"]
[SourceVersionDate "2011.06.27"]
[SourceQuality "1"]

1. e4 c5 2. Nc3 Nc6 3. Nf3 d6 4. d4 cxd4 5. Nxd4 e5 6. Nb3 Nf6 7. Bg5 Be7 8. Bxf6 Bxf6 9. Nd5 0-0 10. Nxf6+ Qxf6 11. Be2 a5 12. c3 Qg6 13. Bf3 f5 14. Qd3 Be6 15. exf5 Bxf5 16. Bd5+ Kh8 17. Qg3 Qf6 18. 0-0 Ne7 19. Bxb7 Ra7 20. Bf3 Ng6 21. Bg4 Nf4 22. Qe3 Bxg4 23. Qxa7 Bf3 24. Qe3 Nxg2 25. Qd2 Nf4 0-1

[Event "Teplice op 6th"]
[Site "Teplice"]
[Date "2011.06.14"]
[Round "4"]
[White "Skokan, Frantisek"]
[Black "Hadraba, Vladimir"]
[Result "1/2-1/2"]
[WhiteElo "1974"]
[BlackElo "2241"]
[PlyCount "60"]
[EventDate "2011.06.11"]
[EventType "swiss"]
[EventRounds "9"]
[EventCountry "CZE"]
[SourceTitle "CBM 142 Extra"]
[Source "ChessBase"]
[SourceDate "2011.06.27"]
[SourceVersion "1"]
[SourceVersionDate "2011.06.27"]
[SourceQuality "1"]

1. e4 c5 2. Nf3 e6 3. d4 cxd4 4. Nxd4 a6 5. c4 Nf6 6. Nc3 Qc7 7. Bd3 Be7 8. 0-0 0-0 9. Kh1 d6 10. f4 Nc6 11. Nf3 Bd7 12. Bd2 Rac8 13. Rc1 Qb8 14. Qe2 Na7 15. e5 Ne8 16. Ne4 f6 17. Bc3 dxe5 18. fxe5 f5 19. Nf2 g6 20. Bd2 Nc6 21. Nh3 Nd8 22. Bh6 Ng7 23. Qd2 Qc7 24. Bg5 Bc6 25. Bxe7 Qxe7 26. b4 Nf7 27. Nhg5 Bxf3 28. Nxf3 Rcd8 29. Qc3 Qc7 30. a4 Rd7 1/2-1/2

[Event "Teplice op 6th"]
[Site "Teplice"]
[Date "2011.06.12"]
[Round "2"]
[White "Skokan, Frantisek"]
[Black "Horak, Jiri"]
[Result "0-1"]
[WhiteElo "1974"]
[BlackElo "2272"]
[PlyCount "60"]
[EventDate "2011.06.11"]
[EventType "swiss"]
[EventRounds "9"]
[EventCountry "CZE"]
[SourceTitle "CBM 142 Extra"]
[Source "ChessBase"]
[SourceDate "2011.06.27"]
[SourceVersion "1"]
[SourceVersionDate "2011.06.27"]
[SourceQuality "1"]

1. e4 e6 2. d4 d5 3. Nc3 dxe4 4. Nxe4 Nd7 5. Nf3 Ngf6 6. Bg5 Be7 7. Nxf6+ Nxf6 8. Bd3 h6 9. Bd2 c5 10. dxc5 Bxc5 11. 0-0 0-0 12. Qe2 b6 13. Rad1 Bb7 14. Bc3 Qe7 15. h3 Rfd8 16. Rfe1 Bb4 17. Bd2 Bxd2 18. Rxd2 Rd5 19. Red1 a5 20. c4 Rc5 21. Ne5 Rcc8 22. a3 Rd8 23. Qe3 Qc7 24. f4 Kf8 25. f5 exf5 26. Bxf5 Rxd2 27. Rxd2 Re8 28. Re2 Be4 29. Bxe4 Qxe5 30. Qxb6 Nxe4 0-1

[Event "Hradec Kralove Sten op"]
[Site "Hradec Kralove"]
[Date "2011.05.10"]
[Round "3"]
[White "Szucs, Matyas"]
[Black "Skokan, Frantisek"]
[Result "0-1"]
[WhiteElo "1692"]
[BlackElo "1974"]
[PlyCount "54"]
[EventDate "2011.05.08"]
[EventType "swiss"]
[EventRounds "9"]
[EventCountry "CZE"]
[SourceTitle "CBM 142 Extra"]
[Source "ChessBase"]
[SourceDate "2011.06.27"]
[SourceVersion "1"]
[SourceVersionDate "2011.06.27"]
[SourceQuality "1"]

1. e4 c5 2. Nf3 d6 3. d4 cxd4 4. Nxd4 Nf6 5. Nc3 a6 6. Bg5 e6 7. f4 Be7 8. Qf3 Qc7 9. 0-0-0 Nbd7 10. g4 b5 11. Bxf6 Nxf6 12. g5 Nd7 13. h4 Bb7 14. Bh3 b4 15. Na4 Rc8 16. Rh2 Qa5 17. b3 Nc5 18. Nxc5 dxc5 19. Nxe6 fxe6 20. Bxe6 Rd8 21. Rhd2 Rxd2 22. Rxd2 Qxa2 23. Bd7+ Kf8 24. Rd3 c4 25. Qh5 Qa1+ 26. Kd2 g6 27. Qh6+ Kf7 0-1

[Event "Ostrava Konik op-B"]
[Site "Ostrava"]
[Date "2011.05.05"]
[Round "6"]
[White "Skokan, Frantisek"]
[Black "Vizner, Jaroslav"]
[Result "1-0"]
[WhiteElo "1948"]
[BlackElo "1872"]
[PlyCount "72"]
[EventDate "2011.04.30"]
[EventType "swiss"]
[EventRounds "9"]
[EventCountry "CZE"]
[SourceTitle "CBM 142 Extra"]
[Source "ChessBase"]
[SourceDate "2011.06.27"]
[SourceVersion "1"]
[SourceVersionDate "2011.06.27"]
[SourceQuality "1"]

1. e4 e5 2. Nf3 Nf6 3. Nc3 Nc6 4. Bb5 d6 5. 0-0 Bd7 6. d4 Nxd4 7. Bxd7+ Nxd7 8. Nxd4 exd4 9. Qxd4 c6 10. Be3 Qf6 11. Qd2 Be7 12. Bd4 Qg6 13. f4 f6 14. Rf3 0-0 15. Raf1 Nb6 16. Rg3 Qf7 17. b3 d5 18. exd5 Nxd5 19. Nxd5 Qxd5 20. c4 Qf7 21. Qb2 a5 22. Rff3 b5 23. cxb5 cxb5 24. Rh3 Rfd8 25. Rd3 Rac8 26. Bb6 Rxd3 27. Rxd3 Qe6 28. Bxa5 b4 29. Qd2 Qa6 30. Bd8 Bc5+ 31. Kh1 Be7 32. h3 Bf8 33. Rd7 h5 34. Qd5+ Kh8 35. Qxh5+ Kg8 36. Qf7+ Kh8 1-0

[Event "Ostrava Konik op-B"]
[Site "Ostrava"]
[Date "2011.05.02"]
[Round "3"]
[White "Skokan, Frantisek"]
[Black "Melzer, Patrik"]
[Result "0-1"]
[WhiteElo "1948"]
[BlackElo "1872"]
[PlyCount "76"]
[EventDate "2011.04.30"]
[EventType "swiss"]
[EventRounds "9"]
[EventCountry "CZE"]
[SourceTitle "CBM 142 Extra"]
[Source "ChessBase"]
[SourceDate "2011.06.27"]
[SourceVersion "1"]
[SourceVersionDate "2011.06.27"]
[SourceQuality "1"]

1. e4 c6 2. d4 d5 3. e5 Bf5 4. f4 e6 5. Nf3 Nd7 6. Be3 Qb6 7. b3 Bb4+ 8. c3 Bxb1 9. cxb4 Be4 10. a3 Nh6 11. Ng5 Nf5 12. Bf2 a5 13. Nxe4 dxe4 14. bxa5 Qxa5+ 15. b4 Qd5 16. Qc1 e3 17. Bxe3 Qe4 18. Kf2 Nb6 19. Bd2 Qxd4+ 20. Be3 Nxe3 21. Qxe3 Qxa1 22. Qxb6 Qb2+ 23. Be2 0-0 24. Rd1 Qxa3 25. Qxb7 Qa7+ 26. Qxa7 Rxa7 27. Rd6 Rc8 28. Bf3 Rac7 29. Ke3 Kf8 30. Kd3 Rb7 31. Kc4 Rcb8 32. Bxc6 Rxb4+ 33. Kd3 Rxf4 34. Ke3 Rfb4 35. Rd3 Rb3 36. Be4 Rxd3+ 37. Kxd3 Rb2 38. h4 Rb3+ 0-1

[Event "Prague op-B 10th"]
[Site "Prague"]
[Date "2011.01.14"]
[Round "9"]
[White "Dieckmann, Daniel"]
[Black "Skokan, Frantisek"]
[Result "1/2-1/2"]
[WhiteElo "2031"]
[BlackElo "1931"]
[PlyCount "25"]
[EventDate "2011.01.07"]
[EventType "swiss"]
[EventRounds "9"]
[EventCountry "CZE"]
[SourceTitle "CBM 140 Extra"]
[Source "ChessBase"]
[SourceDate "2011.03.01"]
[SourceVersion "1"]
[SourceVersionDate "2011.03.01"]
[SourceQuality "1"]

1. e4 c5 2. Nf3 d6 3. Bb5+ Bd7 4. Bxd7+ Nxd7 5. 0-0 Ngf6 6. Re1 e6 7. c3 Be7 8. d4 cxd4 9. cxd4 0-0 10. Nc3 d5 11. exd5 Nxd5 12. Nxd5 exd5 13. Bf4 1/2-1/2

[Event "Plzen op 2nd"]
[Site "Plzen"]
[Date "2010.12.11"]
[Round "9"]
[White "Vojir, Vaclav Jr"]
[Black "Skokan, Frantisek"]
[Result "0-1"]
[WhiteElo "1786"]
[BlackElo "1836"]
[PlyCount "54"]
[EventDate "2010.12.04"]
[EventType "swiss"]
[EventRounds "9"]
[EventCountry "CZE"]
[SourceTitle "CBM 139 Extra"]
[Source "ChessBase"]
[SourceDate "2011.01.05"]
[SourceVersion "1"]
[SourceVersionDate "2011.01.05"]
[SourceQuality "1"]

1. d4 Nf6 2. c4 e6 3. Nf3 c5 4. d5 b5 5. Bg5 Qa5+ 6. Bd2 Qb6 7. dxe6 fxe6 8. cxb5 d5 9. a4 Bd6 10. e3 0-0 11. a5 Qc7 12. h3 e5 13. Nc3 Kh8 14. Qb3 d4 15. Na4 Ne4 16. b6 Qe7 17. Bd3 Nxf2 18. Kxf2 e4 19. exd4 exf3 20. gxf3 Qh4+ 21. Ke2 Nc6 22. Bc3 cxd4 23. Bd2 Bb7 24. Qd5 Rad8 25. Qg5 Rfe8+ 26. Be4 Rxe4+ 27. fxe4 Qxe4+ 0-1

[Event "Plzen op 2nd"]
[Site "Plzen"]
[Date "2010.12.10"]
[Round "8"]
[White "Skokan, Frantisek"]
[Black "Cecil, Pavel"]
[Result "1-0"]
[WhiteElo "1836"]
[BlackElo "1979"]
[PlyCount "59"]
[EventDate "2010.12.04"]
[EventType "swiss"]
[EventRounds "9"]
[EventCountry "CZE"]
[SourceTitle "CBM 139 Extra"]
[Source "ChessBase"]
[SourceDate "2011.01.05"]
[SourceVersion "1"]
[SourceVersionDate "2011.01.05"]
[SourceQuality "1"]

1. e4 e6 2. d4 d5 3. Nc3 Nf6 4. Bg5 dxe4 5. Nxe4 Be7 6. Nxf6+ Bxf6 7. Bxf6 Qxf6 8. Nf3 0-0 9. Bd3 c5 10. 0-0 Nc6 11. c3 cxd4 12. cxd4 Rd8 13. Ne5 Nxd4 14. f4 b6 15. Rc1 Bb7 16. Rc7 Rab8 17. Rxf7 Qh4 18. Qa4 Nc6 19. g3 Qh6 20. Rxb7 Nxe5 21. Rxb8 Rxb8 22. Qxa7 Rf8 23. Be2 Ng6 24. Qxb6 Qh3 25. Bc4 Rf6 26. Qd8+ Nf8 27. f5 h6 28. Bxe6+ Kh7 29. Bb3 Qg4 30. Qd5 1-0